| 000 | 01035cam a22002774a 4500 | ||
|---|---|---|---|
| 999 |
_c48108 _d48108 |
||
| 001 | 13861831 | ||
| 003 | Nust | ||
| 005 | 20170109151248.0 | ||
| 008 | 050204s2005 nyu 000 1 eng | ||
| 010 | _a 2005040377 | ||
| 020 | _a9780060875350 (pbk) | ||
| 035 | _a(OCoLC)ocm57675728 | ||
| 040 |
_aDLC _cDLC _dYDX _dBAKER _dDLC |
||
| 041 | 1 |
_aeng _hpor |
|
| 042 | _apcc | ||
| 050 | 0 | 0 |
_aPQ9698.13.O3546 _bZ3413 2005 |
| 082 | 0 | 0 |
_a869.342 _bCOE |
| 100 | 1 | _aCoelho, Paulo. | |
| 240 | 1 | 0 |
_aZahir. _lEnglish |
| 245 | 1 | 4 |
_aThe Zahir : _ba novel of obsession / _cPaulo Coelho ; translated from the Portuguese by Margaret Jull Costa. |
| 250 | _a1st U.S. ed. | ||
| 260 |
_aNew York : _bHarperCollins, _c2005. |
||
| 300 |
_a298 p. ; _c22 cm. |
||
| 700 | 1 | _aCosta, Margaret Jull. | |
| 906 |
_a7 _bcbc _corignew _d1 _eocip _f20 _gy-gencatlg |
||
| 942 |
_2ddc _cBK |
||